000 005220000a22001930004500
003 LK-CoMWRAF
008 230817t ||||| |||| 00| 0 eng d
040 _aLK-CoMWRAF
_dLK-CoMWRAF
_eLK-CoMWRAF
041 _aeng
082 _a390
_bSMI
100 _aSmith,Gwendolyn
245 _aPennkalum parampariyamatta tholilsar payitsiyum velaiyum
_bSamooka parlnilai Norkil
260 _aColombo
_bWUSC
_1995
300 _ap.224
650 _aTamil
650 _atraining manual
650 _avocational training
942 _cBK
999 _c2901
_d2901